000 00434nam a2200169Ia 4500
008 090711s9999 xx 000 0 und d
082 _b38822
100 _aबोराडे रा. रं.
245 _aगोधळ
260 _c1978
300 _a128
600 _aबोराडे रा. रं.
630 _aगोधळ
700 _aबोराडे रा. रं.
730 _aगोधळ
942 _cBOOK
999 _c297990
_d297990